Instituciones de derecho civil : parte general /

Bibliographic Details
Main Author: De Ruggiero, Roberto, 1875-1934 (Author)
Other Authors: Agurto Gonzáles, Carlos Antonio (Editor), Quequejana Mamani, Sonia Lidia (Editor), Choque Cuenca, Benigno (Editor), Serrano Súñer, Ramón, 1901-2003 (Translator), Santa Cruz Teijeiro, José (Translator)
Format: Electronic eBook
Language:Spanish
Italian
Published: Santiago, Chile : Ediciones Olejnik, [2022]
Series:Biblioteca de derecho civil.
Subjects:
Online Access:Digitalia Hispánica

MARC

LEADER 00000nam a2200000Ii 4500
001 DIGOLEJNK1175
003 NyNyDIG
006 m o d
007 cr |||||||||||
008 251105s2022 cl ob 000 0 spa d
035 |a (OCoLC)1553795201 
040 |a DGITA  |b eng  |e rda  |e pn  |c DGITA 
020 |z 9789564072487 
041 1 |a spa  |h ita 
043 |a e-it--- 
050 1 4 |a KKH500 ebook 
100 1 |a De Ruggiero, Roberto,  |d 1875-1934,  |e author. 
240 1 0 |a Istituzioni di diritto civile.  |l Spanish  |s (Serrano Súñer and Santa Cruz Teijeiro) 
245 1 0 |a Instituciones de derecho civil :  |b parte general /  |c Roberto de Ruggiero ; edición al cuidado de Carlos Antonio Agurto Gonzáles, Sonia Lidia Quequejana Mamani, Benigno Choque Cuenca ; traducción de Ramón Serrano Suñer y José Santa-Cruz Teijeiro. 
264 1 |a Santiago, Chile :  |b Ediciones Olejnik,  |c [2022] 
300 |a 1 online resource. 
336 |a text  |b txt  |2 rdacontent 
337 |a computer  |b c  |2 rdamedia 
338 |a online resource  |b cr  |2 rdacarrier 
347 |a text file  |2 rdaft 
347 |b PDF 
490 1 |a Biblioteca de derecho civil 
504 |a Includes bibliographical references. 
588 0 |a Online resource; title from PDF title page (Digitalia, viewed November 5, 2025) 
650 0 |a Civil law  |z Italy. 
700 1 |a Agurto Gonzáles, Carlos Antonio,  |e editor. 
700 1 |a Quequejana Mamani, Sonia Lidia,  |e editor. 
700 1 |a Choque Cuenca, Benigno,  |e editor. 
700 1 |a Serrano Súñer, Ramón,  |d 1901-2003,  |e translator. 
700 1 |a Santa Cruz Teijeiro, José,  |e translator. 
700 1 |i Translation of:  |a De Ruggiero, Roberto,  |d 1875-1934.  |t Istituzioni di diritto civile. 
791 2 |a Digitalia (Firm),  |e distributor. 
793 0 |g Digitalia eBook Collection:  |a Ediciones Olejnik 
776 0 8 |i Print version:  |a De Ruggiero, Roberto, 1875-1934.  |s Istituzioni di diritto civile. Spanish (Serrano Súñer and Santa Cruz Teijeiro).  |t Instituciones de derecho civil.  |b Primera edición en Ediciones Olejnik.  |d Santiago, Chile : Ediciones Olejnik, 2022  |z 9789564072487 
830 0 |a Biblioteca de derecho civil. 
856 4 0 |3 Digitalia Hispánica  |u https://www.digitaliapublishing.com/a/157681/ 
910 |a Premium collection: 2025